000 00262nam a22001097a 4500
008 170120b xxu||||| |||| 00| 0 eng d
020 _a9780766850095
041 _aeng
080 _a618.2
245 _aDOCUMENTATION& THE NUSING PROCESS
_cWHITE, L
942 _2udc
_cBK
999 _c3252
_d3252